| 000 | 00378nam a22001337a 4500 | ||
|---|---|---|---|
| 008 | 250317b |||||||| |||| 00| 0 eng d | ||
| 020 | _a0020474105 | ||
| 050 |
_aPN 162 _b.P56 |
||
| 100 | _aPlotnik Arthur | ||
| 245 | _aThe Elements of Editing a Modern Guide for Editors and Journalists | ||
| 260 |
_aNew York _bMacmillan Publishing Company _c1982 |
||
| 300 | _a156p. | ||
| 942 | _cBK | ||
| 999 |
_c2389 _d2389 |
||